01386cam a22003494i 4500003000900000005001700009008004100026020001500067035002700082040003300109082002100142100002400163245008800187264004900275300003800324336002100362337002500383338002300408505048100431526001000912526001000922526001000932526001000942526000800952526000800960526000800968526000800976526000800984526000800992526000801000650002801008PE-LiUPU20250731173148.0150623s r 000 0 d a0664501664 a(Sirsi) i9780664501662 aPE-LiUPUbspacPE-LiUPUerda04a266.023bB292211 aBeals, Art,eautor.10aWhen the saints go marching out! :bmobilizing the church for mission /cArt Beals. 1aLouisville, Kentucky :bGeneva Press,c2001. a158 páginas ;c20 centímetros atext2rdacontent aunmediated2rdamedia avolume2rdacarrier0 aDiscovering a place to begin. Converting your mission statement into an action plan. Developing a theology of vocation. Recruiting or releasing?. The empowerment of laity. Mission is better caught than taught. The making of world christians. Developing a model for congregation-based misiion. Creating a supportive mission organization. Mobilizing the financial resources. Fund-Raising or fund-releasing?. Short-term mission: superficial or strategic?. Partnership in mission. aSEG42 aSEG41 aSEG40 aSEG39 aP94 aP87 aP86 aP85 aP77 aP76 aP3504aMisión de la iglesia.